000 00532nam a2200181Ia 4500
003 GCL
008 140319s9999 xx 000 0 ara d
040 _aGCL /
_cGCL
082 0 4 _a435
_bف ن
100 1 _aفور، جيرهارد
245 1 0 _aقواعد اللغة الالمانية العلمية /
_cفور، جيرهارد
700 1 _aايرينيس، م جيب
260 _a[S.N] :
_bيوليوس جروس
490 _a
650 0 4 _aاللغة الالمانية
650 0 4 _aالمصطلحات
942 _2ddc
_cBK
999 _c36149
_d36149